Cagney & Lacey [DVD/videorecording] / Orion TV ... Read More
Available copies
- 1 of 1 copy available at LARL/NWRL Consortium.
- 1 of 1 copy available at Northwest Regional Library. (Show preferred library)
Current holds
0 current holds with 1 total copy.
Show Only Available Copies
| Location | Call Number / Copy Notes | Barcode | Shelving Location | Status | Due Date |
|---|---|---|---|---|---|
| Roseau Public Library | DVD CAG (Text) | 35500005139090 | Main | Available | - |
Record details
- Physical Description: 4 videodisc (1083 min.) : sd., col. ; 4 3/4 in.
- Publisher: Beverly Hills, CA : 20th Century Fox Home Entertainment, c2007.
Content descriptions
| General Note: | 25th anniversary of the Emmy Award winning TV series. Videodisc release of television show originally broadcast from 10/25/1982 through 5/9/1983. Aspect ratio 4:3 (full frame) |
| Formatted Contents Note: | Disc 1, Side A: Witness to an incident - - One of ... Read More |
| Creation/Production Credits Note: | Supervising producer, Richard M. Rosenbloom ; ... Read More |
| Participant or Performer Note: | Sharon Gless, Tyne Daly, Al Waxman, Carl Lumbly, ... Read More |
| Summary, etc.: | Television police drama starring two strong and ... Read More |
| System Details Note: | DVD [PAL] |
| Language Note: | Closed-Captioned. |
Search for related items by subject
| Subject: | Police > New York (State) > New York > Drama. Detective and mystery television programs. |
| Genre: | Videorecordings for the hearing impaired. |
| LDR | 02687ngm a2200409Ia 4500 | ||
|---|---|---|---|
| 001 | 150718 | ||
| 003 | LARL_NWRL_CONSORTIUM | ||
| 005 | 20070503091813.0 | ||
| 007 | vd cvaiz| | ||
| 008 | 070503s2007 cau000 c vleng d | ||
| 035 | . | ‡a(OCoLC)123954954 | |
| 040 | . | ‡aKEN ‡cKEN | |
| 049 | . | ‡aNRG | |
| 245 | 0 | 0. | ‡aCagney & Lacey ‡h[DVD/videorecording] / ‡cOrion TV Productions ; a Mace Neufeld production ; created by Barbara Avedon and Barbara Corday |
| 246 | 3 | 0. | ‡aCagney and Lacey. |
| 246 | 1 | . | ‡ititle on containers: ‡aCagney & Lacey: ‡bThe true beginning. |
| 260 | . | ‡aBeverly Hills, CA : ‡b20th Century Fox Home Entertainment, ‡cc2007. | |
| 300 | . | ‡a4 videodisc (1083 min.) : ‡bsd., col. ; ‡c4 3/4 in. | |
| 500 | . | ‡a25th anniversary of the Emmy Award winning TV series. | |
| 500 | . | ‡aVideodisc release of television show originally broadcast from 10/25/1982 through 5/9/1983. | |
| 500 | . | ‡aAspect ratio 4:3 (full frame) | |
| 505 | 1 | 0. | ‡gDisc 1, Side A: ‡tWitness to an incident - - ‡tOne of our own - - ‡tBeauty burglars - - ‡tHigh steel - - ‡gSide B: ‡tHotline. - - ‡tInternal affairs ; ‡gDisc 2, Side A: ‡tMr. Lonelyhearts - - ‡tConduct Unbecoming - - ‡tI'll be home for Christmas - - ‡tRecreational use- - ‡gSide B: ‡tHopes and dreams - - ‡tGrandest jewel thief of them all ; ‡gDisc 3, Side A: ‡tAffirmative action - - ‡tOpen and shut case - - ‡tJane Doe # 37 - - ‡tDate rape - - ‡gSide B: ‡tBurn out - - ‡tChop shop; ‡gDisc 4, Side A: ‡tLet them eat pretzels - - ‡tGang's all there - - ‡tFeaturette: Breaking the laws of TV, Part 1 - - ‡gSide B: ‡tCry for help - - ‡tInformant - - ‡tFeaturette: Breaking the laws of TV, Part 2. |
| 508 | . | ‡aSupervising producer, Richard M. Rosenbloom ; executive producer, Barney Rosenzweig ; director of photography, Hector R. Figueroa ; editor, Bill Brame ; theme music composed by Bill Conti. | |
| 538 | . | ‡aDVD [PAL] | |
| 546 | . | ‡aClosed-Captioned. | |
| 511 | 1 | . | ‡aSharon Gless, Tyne Daly, Al Waxman, Carl Lumbly, Martin Kove, Sidney Clute, John Karlen. |
| 520 | . | ‡aTelevision police drama starring two strong and intelligent female detectives, with real lives and real problems. They tackle poignant social issues and explore the human side of hard-boiled detective work. | |
| 650 | 0. | ‡aPolice ‡zNew York (State) ‡zNew York ‡vDrama. | |
| 650 | 0. | ‡aDetective and mystery television programs. ‡0(LARL_NWRL_CONSORTIUM)18463 | |
| 655 | 0. | ‡aVideorecordings for the hearing impaired. | |
| 700 | 1 | . | ‡aGless, Sharon. ‡0(LARL_NWRL_CONSORTIUM)120835 |
| 700 | 1 | . | ‡aDaly, Tyne. ‡0(LARL_NWRL_CONSORTIUM)150871 |
| 700 | 1 | . | ‡aWaxman, Al. ‡0(LARL_NWRL_CONSORTIUM)141895 |
| 710 | 2 | . | ‡aOrion TV Productions. |
| 710 | 2 | . | ‡aCBS Television Network. ‡0(LARL_NWRL_CONSORTIUM)69875 |
| 901 | . | ‡a150718 ‡bSystem ‡c150718 ‡tbiblio | |

Add to basket
Permalink
Disable Highlighting